• 首页
  • 本馆介绍
  • 公告通知
  • 最新文献
  • 馆藏检索
  • 电子资源
  • 读者导购
  • 参考咨询
  • 我的图书馆
  • 登录
  • 详细信息显示
  • 放入我的书架
  • 预约/预借图书
  • 作者相关作品
  • 分类相关作品
  • 丛书相关作品
  • 出版社相关作品

书目信息

  • 表格格式
  • 工作单格式
  • 卡片格式
题名:
无机材料机械力化学
    
 
作者: 吴其胜 编著
分册:  
出版信息: 北京   化学工业出版社  2008
页数: 224页
开本: 21cm
丛书名:
单 册:
中图分类: TB321
科图分类:
主题词: 无机材料--应用化学 , 无机材料 , 应用化学
电子资源:
ISBN: 978-7-122-02022-2
000 00910nam0 2200253 45
001 1029950531
005 20100429093725.81
010    @a978-7-122-02022-2@dCNY25.00
100    @a20100420d2008 ekmy0chiy0120 ea
101 0  @achi
102    @aCN@b110000
105    @aa z 000yy
106    @ar
200 1  @a无机材料机械力化学@AWu Ji Cai Liao Ji Xie Li Hua Xue@f吴其胜编著@FWu Qi Sheng Bian Zhu
210    @a北京@c化学工业出版社@d2008
215    @a224页@c图@d21cm
330    @a本书介绍了机械力化学的概念及发展,阐述了机械力化学引起晶型转变、晶体的结晶度、结构变化、含水物质的脱水、混合物组分间化学反应等一系列物理化学变化以及当前材料研究中涉及的微米、纳米材料制备中机械力化学的作用与影响。
606 0  @a无机材料@x应用化学
606 0  @a无机材料
606 0  @a应用化学
690    @aTB321@v4
701  0 @a吴其胜@AWu Qi Sheng@4编著
801  0 @aCN@bTANGWEI@c20100429
905    @b0594721-25@dTB321@e209@f5
    
    无机材料机械力化学/吴其胜编著.-北京:化学工业出版社,2008
    224页:图;21cm
    
    
    ISBN 978-7-122-02022-2:CNY25.00
    本书介绍了机械力化学的概念及发展,阐述了机械力化学引起晶型转变、晶体的结晶度、结构变化、含水物质的脱水、混合物组分间化学反应等一系列物理化学变化以及当前材料研究中涉及的微米、纳米材料制备中机械力化学的作用与影响。
●
相关链接 在E读中查询图书 在五车中查询图书 在当当中查询图书 在豆瓣中查询图书


正题名:无机材料机械力化学     索取号:TB321/209         预约/预借

序号 登录号 条形码 馆藏地/架位号 状态 备注
1 0594721   205947216   第二样本阅览室/ [索取号:TB321/209] 在馆    
2 0594722   205947225   第三借阅区/ [索取号:TB321/209] 在馆    
3 0594723   205947234   第三借阅区/ [索取号:TB321/209] 在馆    
4 0594724   205947243   第三借阅区/ [索取号:TB321/209] 在馆    
5 0594725   205947252   第三借阅区/ [索取号:TB321/209] 在馆    
唐山师范学院图书馆 欢迎您!
大连网信软件有限公司© 版权所有